[Event "Santo Domingo La Raza op"]
[Site "Santo Domingo"]
[Date "2015.10.14"]
[Round "4"]
[White "Steel Stephen, Daniel Alberto"]
[Black "De los Santos, Bryan"]
[Result "1-0"]
[WhiteElo "1922"]
[BlackElo "2058"]
[PlyCount "45"]
[EventDate "2015.10.12"]
[EventType "swiss"]
[EventRounds "8"]
[EventCountry "DOM"]
[SourceTitle "CBM 169 Extra"]
[Source "ChessBase"]
[SourceDate "2015.12.18"]
[SourceVersion "1"]
[SourceVersionDate "2015.12.18"]
[SourceQuality "1"]

1. d4 Nf6 2. c4 c5 3. d5 b5 4. cxb5 a6 5. bxa6 g6 6. Nc3 Bxa6 7. e4 Bxf1 8. Kxf1 d6 9. g4 Bg7 10. Kg2 0-0 11. h3 Nbd7 12. Nge2 Qa5 13. Ng3 Rfb8 14. g5 Ne8 15. h4 Bxc3 16. bxc3 Qxc3 17. Bf4 Qb2 18. h5 Rxa2 19. Rxa2 Qxa2 20. hxg6 fxg6 21. Qg4 Qa4 22. Qe6+ Kf8 23. Rxh7 1-0

[Event "Santo Domingo Summer op"]
[Site "Santo Domingo"]
[Date "2015.07.17"]
[Round "1"]
[White "De los Santos, Bryan"]
[Black "Vargas, Juan Francisco"]
[Result "0-1"]
[WhiteElo "2058"]
[BlackElo "1769"]
[PlyCount "63"]
[EventDate "2015.07.17"]
[EventType "swiss"]
[EventRounds "8"]
[EventCountry "DOM"]
[SourceTitle "EXT 2016"]
[Source "ChessBase"]
[SourceDate "2015.10.08"]
[SourceVersion "1"]
[SourceVersionDate "2015.10.08"]
[SourceQuality "1"]

1. d4 f5 2. Nf3 Nf6 3. Bf4 e6 4. e3 Be7 5. c4 0-0 6. Nc3 c6 7. Bd3 d5 8. cxd5 exd5 9. 0-0 Ne4 10. Rc1 Be6 11. Ne5 Nd7 12. Qh5 g5 13. Nxe4 fxe4 14. Qh6 Bf7 15. Nxd7 gxf4 16. Bxe4 dxe4 17. Nxf8 Bxf8 18. Qxf4 Bd5 19. a3 Bd6 20. Qg4+ Kh8 21. b4 a6 22. Kh1 Qe7 23. Rb1 Rb8 24. Qe2 Qg5 25. g3 Rg8 26. a4 Qf5 27. b5 axb5 28. axb5 Qh3 29. bxc6 bxc6 30. Ra1 Rg6 31. Ra8+ Bg8 32. Ra7 0-1